| 000 | 00982cam a2200253 4500 | ||
|---|---|---|---|
| 001 | ##L133773 | ||
| 008 | 060609n2006 000 0 eng u | ||
| 020 | _a1860819192 | ||
| 035 | _a(Sirsi) u133773 | ||
| 041 | 0 | _aeng | |
| 050 | 0 | 4 | _a634.95 $2 18 |
| 100 | 1 | _aHipps, N. A. | |
| 245 | 0 | 0 |
_aPruning trees to reduce water use, summaries of research _bconclusions and recommendations |
| 260 |
_aWatford _bBRE _c2006 |
||
| 300 |
_a8p. _bill. _c30cm. |
||
| 350 | _a9 00 | ||
| 490 | 0 |
_aBRE Information Paper _vIP 7/06 |
|
| 520 | _aThis paper summarises the results of a project undertaken to assess if soil drying by trees can be controlled by branch pruning. It also offers new guidance for pruning trees that can potentially reduce the risk of building subsidence. | ||
| 651 | 4 |
_aUnited Kingdom _y |
|
| 690 | _aENVIRONMENTAL AND LAND CONSULTANCY-FORESTRY AND WOODLAND MANAGEMENT-FORESTRY-SILVICULTURE | ||
| 700 | 1 | _aAtkinson, C. J. | |
| 700 | 1 | _aGriffiths, H. | |
| 942 | _n0 | ||
| 999 |
_c105472 _d105472 |
||